Sladké svádění /

Hlavní autor: London, Cait
Další autoři: Pecháčková, Dita
Jazyk: Čeština
Vydáno: Praha : Harlequin, c2000
Edice: Desire na přání
Témata:
Fyzický popis: 160 s. ; 17 cm
Knihy
Uloženo v:
LEADER 01085nam a2200325 a 4500
001 000542993
003 CZ BrMZK
005 20201019132455.0
007 ta
008 000115s2000 xr g f cze d
015 |a cnb000987121 
020 |a 80-241-0431-8 
035 |a (OCoLC)85011347 
040 |a BOA001  |b cze 
072 7 |a 821.111(73)-3  |x Americká próza  |2 Konspekt  |9 25 
080 |a 821.111(73)-31  |2 MRF 
080 |a (0:82-312.5)  |2 MRF 
100 1 |a London, Cait  |7 jn20001103702 
245 1 0 |a Sladké svádění /  |c Cait Londonová ; [překlad z angličtiny: Dita Pecháčková]. 
260 |a Praha :  |b Harlequin,  |c c2000 
300 |a 160 s. ;  |c 17 cm 
490 1 |a Desire na přání ;  |v 81 (O 11/00) 
655 7 |a americké romány  |7 fd131796  |2 czenas 
655 7 |a milostné romány  |7 fd132840  |2 czenas 
700 1 |a Pecháčková, Dita 
765 0 |t <<The >>seduction of Fiona Tallchief 
830 0 |a Desire na přání 
910 |a BOA001  |b 1-1085.589 
990 |a BK 
996 6 |b 2610135036  |c 1-1085.589  |l MZK  |r Sklad / do 1 hodiny  |n 7  |p p.v.  |w 000542993  |u 000010  |a 1  |e BOA001  |j MZK50  |s P